00456 2200193 4500001002100000005001500021008004100036035002000077082000800097084001400105100001900119245003400138250000600172260003800178300001200216650001000228990001200238990001200250INLIS00000000000129420240521101716240521 1 ind  a0010-0524000529 a813 a813 YOL s aMiranda, Yolla1 aSeutas Ganal /cYolla Miranda a1 aYogyakarta :bSheila/ Andi,c2010 a138 hlm 4aFiksi a0741430 a0741431